Państwa Świata - Trzy Minuta Sprint - Statystyki

Ogólne statystyki
  • Ten quiz został rozwiązany 167 razy
  • Średni wynik to 62 z 196
Odpowiedzi na mapie
Odpowiedzi zakodowano w zielono-czerwonej skali na mapie do tego quizu, zgodnie z poniższymi procentami.
 
Statystyki odpowiedzi
Kraj % Poprawnych
Stany Zjednoczone
95%
Polska
90%
Kanada
88%
Rosja
87%
Francja
84%
Niemcy
82%
Dania
78%
Meksyk
77%
Chiny
76%
Hiszpania
76%
Brazylia
75%
Szwecja
75%
Islandia
71%
Litwa
71%
Ukraina
71%
Wlochy
71%
Portugalia
70%
Australia
68%
Chile
68%
Argentyna
66%
Finlandia
66%
Irlandia
66%
Norwegia
66%
Estonia
65%
Lotwa
64%
Czechy
63%
Peru
63%
Wielka Brytania
63%
Bialorus
61%
Indie
61%
Słowacja
60%
Egipt
59%
Japonia
59%
Belgia
58%
Turcja
58%
Grecja
56%
Austria
52%
Kuba
52%
Holandia
50%
Boliwia
48%
Wegry
48%
Iran
47%
Kazachstan
47%
Urugwaj
47%
Irak
46%
Kolumbia
46%
Mongolia
46%
Rumunia
45%
Szwajcaria
45%
Bulgaria
44%
Chorwacja
44%
Paragwaj
42%
Wenezuela
42%
Maroko
41%
Oman
40%
Albania
39%
Algieria
39%
Dominika
39%
Haiti
39%
Monako
39%
Serbia
39%
Słowenia
39%
Malta
38%
Watykan
38%
Ekwador
37%
Moldawia
37%
San Marino
37%
Andora
35%
Cypr
35%
Indonezja
35%
Jamajka
35%
Niger
35%
Panama
35%
Dominikana
34%
Libia
34%
Sudan
34%
Bosnia i Hercegowina
33%
Czad
33%
Kosowo
33%
Nowa Zelandia
33%
Gujana
32%
Kongo
32%
Luksemburg
32%
Jemen
31%
Liechtenstein
31%
Madagaskar
31%
Kostaryka
30%
Nigeria
29%
Filipiny
28%
Honduras
28%
Macedonia
28%
Surinam
28%
Czarnogóra
26%
Gwatemala
26%
Korea Pólnocna
26%
Korea Poludniowa
26%
Tunezja
26%
Arabia Saudyjska
25%
Gruzja
25%
Izrael
25%
Nikaragua
25%
Syria
25%
Belize
24%
Laos
24%
Mali
24%
Wietnam
24%
Bahamy
23%
Pakistan
23%
Armenia
22%
Liban
22%
Malezja
22%
Salwador
22%
Angola
21%
Kenia
21%
Nepal
21%
Palau
21%
Sri Lanka
21%
Tajlandia
21%
Togo
21%
Tonga
21%
Afganistan
20%
Etiopia
20%
Tajwan
20%
Barbados
19%
Fidzi
19%
Kiribati
19%
Somalia
19%
Uzbekistan
19%
Gwinea
18%
Ghana
17%
Nauru
17%
Samoa
17%
Bhutan
16%
Mikronezja
16%
Saint Kitts i Nevis
16%
Antigua i Barbuda
15%
Jordania
15%
Saint Lucia
15%
Katar
14%
Malediwy
14%
Mauretania
14%
Trynidad i Tobago
14%
Tuvalu
14%
Bangladesz
13%
Botswana
13%
Grenada
13%
Kuwejt
13%
Malawi
13%
Mozambik
13%
Namibia
13%
Papua-Nowa Gwinea
13%
Senegal
13%
Zambia
13%
Zimbabwe
13%
Erytrea
12%
Kambodza
12%
Mjanma
12%
Saint Vincent i Grenadyny
12%
Tadzykistan
12%
Uganda
12%
Vanuatu
12%
Azerbejdzan
11%
Kirgistan
11%
Singapur
11%
Tanzania
11%
Benin
10%
Brunei
10%
Kamerun
10%
Lesotho
10%
Seszele
10%
Burundi
9%
Gabon
9%
Gambia
9%
Komory
9%
Liberia
9%
Demokratyczna Republika Konga
8%
Gwinea Bissau
8%
Rwanda
8%
Suazi
8%
Sudan Poludniowy
8%
Turkmenistan
8%
Zjednoczone Emiraty Arabskie
8%
Bahrajn
7%
Mauritius
7%
Republika Poludniowej Afryki
7%
Wyspy Marshalla
7%
Wyspy Salomona
7%
Gwinea Równikowa
6%
Timor Wschodni
6%
Dzibuti
5%
Burkina Faso
4%
Sierra Leone
4%
Wybrzeze Kosci Sloniowej
4%
Wyspy Swietego Tomasza i Ksiazeca
3%
Republika Srodkowoafrykanska
2%
Republika Zielonego Przyladka
2%
Nie znaleziono quizów pasujących do podanych kryteriów
Rozkład punktacji
Procent ludzi z każdym wynikiem
Percentyl według liczby udzielonych odpowiedzi
Twoja historia wyników
Nie rozwiązałeś tego quizu